| 000 | 00757nam a2200229 a 4500 | ||
|---|---|---|---|
| 008 | 951030s1991 m yxo a 0 slo c | ||
| 020 |
_a8022002925 _c66 Kčs. |
||
| 040 |
_aSNK _bslo _cSNK _eAACR2 |
||
| 041 | 1 |
_aslo _heng |
|
| 044 |
_axo _cSK |
||
| 080 | _a821(94)-31=162.4 | ||
| 100 | 1 |
_aMcCullough, Colleen _d1920- _4aut |
|
| 245 | 1 | 0 |
_aVtáky v tŕní _cColleen Mac Culloughová ; [z anglického originálu preložila Katarína Karovičová] |
| 250 | _a2. vyd. | ||
| 260 |
_aBratislava _bSlovenský spisovateľ _c1991 |
||
| 300 |
_a599 s. _c21 cm |
||
| 500 | _aVydal Slovenský spisovateľ, mimo edície | ||
| 650 | 0 | 7 |
_aromány austrálske _2SNK |
| 700 | 1 |
_aKarovičová, Katarína _4trl |
|
| 765 | 0 |
_tThe Thorn Birds _aMcCullough, Colleen |
|
| 958 | _aA | ||
| 999 |
_c8095 _d8095 |
||